[Event "ch-CHN w 2016"]
[Site "Xinghua CHN"]
[Date "2016.04.28"]
[Round "11.2"]
[White "Guo, Qi"]
[Black "Gu, Tianlu"]
[Result "1/2-1/2"]
[WhiteTitle "IM"]
[BlackTitle "WIM"]
[WhiteElo "2436"]
[BlackElo "2255"]
[WhiteFideId "8604002"]
[BlackFideId "8603995"]
[EventDate "2016.04.17"]

1. d4 d5 2. c4 c6 3. Nf3 Nf6 4. e3 e6 5. Nc3 Nbd7 6. Qc2 Bd6 7. Bd3 O-O 8. O-O
e5 9. cxd5 cxd5 10. e4 exd4 11. Nxd5 Nxd5 12. exd5 h6 13. Nxd4 Qh4 14. Nf3 Qh5
15. Bh7+ Kh8 16. Qf5 Qxf5 17. Bxf5 Nf6 18. Bxc8 Rfxc8 19. Rd1 Rd8 20. Be3 Bf8
21. d6 Rxd6 22. Rxd6 Bxd6 23. Rd1 Bc7 24. Kf1 Kg8 25. Ke2 Kf8 26. g3 a6 27. h4
Rd8 28. Bc5+ Ke8 29. Rxd8+ Bxd8 30. Kd3 Kd7 31. Bd4 Ke6 32. Ne5 Bc7 33. Nf3 Bd8
34. Ne5 Bc7 35. Nf3 Bd8 36. Ne5 1/2-1/2

[Event "ch-CHN w 2016"]
[Site "Xinghua CHN"]
[Date "2016.04.28"]
[Round "11.3"]
[White "Tan, Zhongyi"]
[Black "Hong, Xing"]
[Result "1-0"]
[WhiteTitle "WGM"]
[WhiteElo "2518"]
[BlackElo "1986"]
[WhiteFideId "8603642"]
[BlackFideId "8606129"]
[EventDate "2016.04.17"]

1. c4 Nf6 2. Nc3 e6 3. d4 d5 4. Bg5 Nbd7 5. e3 c6 6. Nf3 Qa5 7. cxd5 exd5 8. Nd2
Bd6 9. Bd3 O-O 10. O-O Re8 11. Qc2 Bf8 12. a3 a6 13. Bf4 g6 14. h3 Qd8 15. b4 b5
16. e4 Nb6 17. e5 Nfd7 18. Rae1 Bg7 19. Nb3 Nf8 20. Bc1 Bd7 21. f4 f5 22. Nc5
Ra7 23. Nxd7 Qxd7 24. g4 fxg4 25. f5 gxh3 26. Kh1 gxf5 27. Bxf5 Qe7 28. Re3 Nc4
29. Rxh3 Bxe5 30. dxe5 Qxe5 31. Bf4 Qd4 32. Bxh7+ Rxh7 33. Rxh7 Re6 34. Rh3 Nxa3
35. Rg3+ 1-0

[Event "ch-CHN w 2016"]
[Site "Xinghua CHN"]
[Date "2016.04.28"]
[Round "11.4"]
[White "Xiao, Yiyi"]
[Black "Wang, Doudou"]
[Result "1-0"]
[WhiteTitle "WFM"]
[BlackTitle "WIM"]
[WhiteElo "2222"]
[BlackElo "2234"]
[WhiteFideId "8606161"]
[BlackFideId "8603197"]
[EventDate "2016.04.17"]

1. Nf3 Nf6 2. g3 d5 3. Bg2 e6 4. O-O Be7 5. c4 O-O 6. d4 c6 7. Qc2 b6 8. Nbd2
Ba6 9. Ne5 Nfd7 10. Nef3 Nf6 11. b3 c5 12. dxc5 Bxc5 13. cxd5 exd5 14. Re1 Nc6
15. Bb2 Rc8 16. Rad1 Ng4 17. e3 Nxf2 18. Qc3 d4 19. exd4 Bb4 20. Qe3 Nd3 21. Bf1
Nxb2 22. Bxa6 Nxd1 23. Rxd1 Rc7 24. Bc4 Re7 25. Qf2 Qd6 26. Kg2 h6 27. Nf1 Rfe8
28. Nh4 Qf6 29. Nf5 Rd7 30. N1e3 Rxe3 31. Qxe3 Ne7 32. Nh4 Rd8 33. Nf3 Nf5 34.
Qe4 Nd6 35. Qe5 Nxc4 36. bxc4 Qc6 37. Qe2 Re8 38. Qd3 Qa4 39. Rf1 Qxa2+ 40. Rf2
Qa3 41. Qf5 Re6 42. Ng5 Rf6 43. Qh7+ Kf8 44. Rxf6 hxg5 45. Rf2 Qe3 46. Qf5 f6
47. Qg4 Qe7 48. Re2 Qd8 49. Qe4 a5 50. Qc6 Bc3 51. Re6 Kf7 52. Rd6 Qe8 53. Rd7+
Kg6 54. Rxg7+ 1-0

[Event "ch-CHN w 2016"]
[Site "Xinghua CHN"]
[Date "2016.04.28"]
[Round "11.5"]
[White "Zhu, Jiner"]
[Black "Wang, Jue"]
[Result "0-1"]
[BlackTitle "WGM"]
[WhiteElo "2095"]
[BlackElo "2380"]
[WhiteFideId "8608059"]
[BlackFideId "8604070"]
[EventDate "2016.04.17"]

1. e4 e5 2. Nf3 Nc6 3. Bc4 Nf6 4. d3 Bc5 5. O-O d6 6. c3 O-O 7. Bg5 h6 8. Bh4 g5
9. Bg3 Bb6 10. Nbd2 Ne7 11. d4 Ng6 12. dxe5 Nh5 13. exd6 Nxg3 14. hxg3 Qxd6 15.
Kh1 g4 16. Nh4 Nxh4 17. gxh4 Rd8 18. g3 Qxd2 19. Qb3 Qd7 20. Rad1 Qe7 21. Bxf7+
Kg7 22. Rxd8 Qxd8 23. Bc4 Qf6 24. Kh2 Bd7 25. Be2 Be6 26. Qc2 Rd8 27. f4 gxf3
28. Rxf3 Qe5 29. Rd3 Qc5 30. Qd1 Qf2+ 31. Kh1 Rxd3 32. Bxd3 Bh3 0-1

[Event "ch-CHN w 2016"]
[Site "Xinghua CHN"]
[Date "2016.04.28"]
[Round "11.6"]
[White "Lei, Tingjie"]
[Black "Yuan, Ye"]
[Result "1-0"]
[WhiteTitle "WGM"]
[WhiteElo "2504"]
[BlackElo "2212"]
[WhiteFideId "8605114"]
[BlackFideId "8608415"]
[EventDate "2016.04.17"]

1. d4 Nf6 2. Bf4 c5 3. d5 d6 4. c4 e6 5. Nc3 exd5 6. cxd5 g6 7. Nf3 a6 8. a4 Bg7
9. e3 O-O 10. Be2 Re8 11. Nd2 Qc7 12. Nc4 Bf8 13. a5 Nbd7 14. Na4 Ne5 15. Ncb6
Rb8 16. O-O Bd7 17. Nc3 Bc8 18. Rc1 Nfd7 19. Nca4 Nxb6 20. Nxb6 Qe7 21. Qd2 h5
22. b4 cxb4 23. Qxb4 Bg4 24. Qd2 Bg7 25. f3 Bc8 26. e4 f5 27. Bg5 Qf8 28. Rc7
Nf7 29. Rfc1 h4 30. Be3 fxe4 31. fxe4 Bf6 32. Rf1 Qg7 33. Rfc1 Qf8 34. Rf1 Qg7
35. Qc2 1-0